000 00173nam a2200085 4500
001 1240353
005 20251008155150.0
245 _aALAYCI KUŞ
_cSUZANNE COLLINS
260 _bDEX
999 _c1240353
_d1240353